书目信息 |
| 题名: |
GAE编程指南
|
|
| 作者: | 桑德森 , 桑德森 著 ;唐学韬 , 何继业 译 | |
| 分册: | ||
| 出版信息: | 北京 机械工业出版社 2011.01 |
|
| 页数: | 350页 | |
| 开本: | 24cm | |
| 丛书名: | ||
| 单 册: | ||
| 中图分类: | TP393.092 | |
| 科图分类: | ||
| 主题词: | 主页制作--Zhu Ye Zhi Zuo--程序设计--指南 | |
| 电子资源: | ||
| ISBN: | 978-7-111-31452-3 | |
| 000 | 01141cam0 2200313 450 | |
| 001 | 010700100013 | |
| 005 | 20110723101455.20 | |
| 010 | @a978-7-111-31452-3@dCNY65.00 | |
| 100 | @a20101208d2011 ekmy0chiy50 ea | |
| 101 | 1 | @achi@ceng |
| 102 | @aCN@b110000 | |
| 105 | @aa z 000yy | |
| 106 | @ar | |
| 200 | 1 | @aGAE编程指南@AGae Bian Cheng Zhi Nan@f(美)桑德森(Dan Sanderson)著@F(mei)sang de sen(Dan Sanderson)zhu@g唐学韬, 何继业等译 |
| 210 | @a北京@c机械工业出版社@d2011.01 | |
| 215 | @a350页@c图@d24cm | |
| 308 | @aCIP题丛书: O'reilly精品图书系列 | |
| 314 | @a责任者Sanderson规范汉译姓: 桑德森 | |
| 330 | @a本书共分为15章,主要内容包括:GAE简介;创建一个应用程序;处理Web请求;数据存储区实体;数据存储区查询;数据存储区事务等。 | |
| 500 | 10 | @aProgramming Google app engine@mChinese |
| 586 | @a | |
| 606 | 0 | @a主页制作@AZhu Ye Zhi Zuo@x程序设计@j指南 |
| 690 | @aTP393.092@v5 | |
| 701 | 1 | @a桑德森@ASang De Sen@g(Sanderson, Dan)@4著 |
| 701 | 0 | @a桑德森@Asang de sen@bDanSanderson@4著 |
| 702 | 0 | @a唐学韬@ATang Xue Tao@4译 |
| 702 | 0 | @a何继业@AHe Ji Ye@4译 |
| 801 | 0 | @aCN@c20110610 |
| 905 | @dTP393.092@eS031@f3 | |
| GAE编程指南/(美)桑德森(Dan Sanderson)著/唐学韬, 何继业等译.-北京:机械工业出版社,2011.01 |
| 350页:图;24cm |
| ISBN 978-7-111-31452-3:CNY65.00 |
| 本书共分为15章,主要内容包括:GAE简介;创建一个应用程序;处理Web请求;数据存储区实体;数据存储区查询;数据存储区事务等。 |
| ● |
| 相关链接 |
|
|
|
正题名:GAE编程指南
索取号:TP393.092/S031
 
预约/预借
| 序号 | 登录号 | 条形码 | 馆藏地/架位号 | 状态 | 备注 |
| 1 | 887231 | 208872317 | 自科库301/404自科库 19排3列1层/ [索取号:TP393.092/S031] | 在馆 | |
| 2 | 887232 | 208872326 | 自科库301/301自科库 128排1列4层/ [索取号:TP393.092/S031] | 在馆 | |
| 3 | 887233 | 208872335 | 自科库301/301自科库 128排1列4层/ [索取号:TP393.092/S031] | 在馆 |